Vienna Calling 2026 Quiz - Statistiken

Allgemein
  • Dieses Quiz wurde 5 mal gespielt
  • Das Durchschnittsergebnis liegt bei 9 aus 12
Antwortstatistiken
Frage Antwort % Korrekt
Nikotin
100%
Cosmó
100%
Anna-Sophie
100%
Lena Schaur
100%
Julia Steen
80%
Kayla Krystin
80%
David Kurt
80%
Reverend Stomp
60%
Bamlak Werner
60%
Philip Piller
60%
Sidrit Vokshi
60%
Frevd
60%
Keine übereinstimmenden Quizze gefunden
Verteilung der Resultate
Anzahl Personen mit jedem Resultat
Perzentil nach korrekt beantworteten Fragen
Ihre Resultats-Entwicklung
Sie haben dieses Quiz noch nicht gespielt